Zborník abstraktov z konferencie s medzinárodnou účasťou Transfer technológií na Slovensku a v zahraničí 2019 : Bratislava 22.-24.10.2019
Gespeichert in:
| Körperschaft: | |
|---|---|
| Format: | Tagungsbericht Buch |
| Sprache: | Slowakisch Englisch |
| Veröffentlicht: |
Bratislava :
CVTI SR,
2019
|
| Ausgabe: | 1. vyd. |
| Tags: |
Keine Tags, Fügen Sie das erste Tag hinzu!
|
MARC
| LEADER | 00000nam a22000003a 4500 | ||
|---|---|---|---|
| 001 | 0076936 | ||
| 003 | SK-STU | ||
| 005 | 20191025134552.5 | ||
| 007 | ta | ||
| 008 | 191025s ----xo-----e------100-0-----d | ||
| 020 | |a 978-80-89965-28-1 | ||
| 040 | |a STU |b slo | ||
| 041 | 0 | |a slo |a eng | |
| 044 | |a xo | ||
| 111 | 2 | |a Konferencia s medzinárodnou účasťou |d 22.-24.10.2019 : |c Bratislava. |e Tranasfer technológií na Slovensku a v zahraničí 2019 | |
| 242 | 0 | 1 | |a Book of Abstracts from the Conference Technology Transfer in Slovakia and Abroad 2019 |
| 245 | 1 | 0 | |a Zborník abstraktov z konferencie s medzinárodnou účasťou Transfer technológií na Slovensku a v zahraničí 2019 : |b Bratislava 22.-24.10.2019 |
| 250 | |a 1. vyd. | ||
| 260 | |a Bratislava : |b CVTI SR, |c 2019 | ||
| 300 | |a 88 s. | ||
| 996 | |b 284M088216 |c M* Z-4463 |l MMKN |s A |a 24 |w 0076936_0001 | ||